| Tag |
First Indicator |
Second Indicator |
Subfields |
| LEADER |
00000cas a2200000 a 4500 |
| 001 |
in00000014038 |
| 005 |
20151007052127.0 |
| 008 |
880302d19871987nyuuu1 r 0 uu 0eng d |
| 010 |
|
|
|a sn 88021425
|
| 022 |
|
|
|y 0736-6795
|
| 035 |
|
|
|a (OCoLC)17565035
|
| 035 |
|
|
|9 AAA6388AM
|
| 040 |
|
|
|a DPL
|c DPL
|d IUL
|d UtOrBLW
|
| 042 |
|
|
|a lcd
|
| 043 |
|
|
|a n-us---
|
| 049 |
|
|
|a TXAE
|
| 050 |
|
4 |
|a P88.8
|b .K58
|
| 245 |
0 |
0 |
|a Knowledge industry publications 200.
|
| 246 |
1 |
0 |
|a Knowledge industry publications two hundred
|
| 264 |
|
1 |
|a White Plains, N.Y. :
|b Knowledge Industry Publications, Inc. ;
|c [1987]
|
| 264 |
|
2 |
|a Detroit, MI :
|b Library ed. distributed exclusively by Gale Research Co.,
|
| 264 |
|
4 |
|c ©1987
|
| 300 |
|
|
|a 1 volume ;
|c 29 cm.
|
| 336 |
|
|
|a text
|b txt
|2 rdacontent
|
| 337 |
|
|
|a unmediated
|b n
|2 rdamedia
|
| 338 |
|
|
|a volume
|b nc
|2 rdacarrier
|
| 362 |
0 |
|
|a 1987 ed.
|
| 650 |
|
0 |
|a Mass media
|z United States
|v Directories.
|
| 650 |
|
0 |
|a Communication
|z United States
|x Directories.
|
| 710 |
2 |
|
|a Knowledge Industry Publications, inc.
|
| 780 |
0 |
0 |
|t Knowledge industry 200 (DLC) 83645543 (OCoLC) 9181774
|
| 999 |
|
|
|a MARS
|
| 999 |
f |
f |
|s 26452756-672d-315f-b477-b7576994d706
|i abcf2f5c-9ff5-3ebc-ba8b-e6dabaacf613
|t 0
|
| 952 |
f |
f |
|p normal
|a Texas A&M University
|b College Station
|c Sterling C. Evans Library
|d Evans: Library Stacks
|t 0
|e P88.8 .K58
|h Library of Congress classification
|i unmediated -- volume
|l 1987
|m A14811321123
|
| 998 |
f |
f |
|a P88.8 .K58
|s 1987
|t 0
|l Evans: Library Stacks
|